00350nam a2200133Ia 4500003000900000008004100009040001300050040001300063100001600076245008700092260002300179300000800202490000600210IT-RoPAU120407s9999 xx 000 0 und d aIT-RoPAU cIT-RoPAU aMarc Joulin aPassione e risurrezione secondo Giovanni. Meditazioni per la quaresima e la Pasqua aSan Paolo Edizioni c cm v1